| 000 | 00605cam a22001931 4500 | ||
|---|---|---|---|
| 001 | c 98000152 | ||
| 003 | DLC | ||
| 005 | 20260227111038.0 | ||
| 008 | 801210s1898 paua 00010 eng | ||
| 010 | _ac 98000152 //r86 | ||
| 050 | 0 |
_aQC23 _b.H85 1898 |
|
| 100 | 1 | 0 |
_aHouston, Edwin J. _q(Edwin James), _d1847-1914. |
| 245 | 0 | 0 |
_aIntermediate lessons in natural philosophy. _cBy Edwin J. Houston ... |
| 250 | _aRev. ed. | ||
| 260 | 0 |
_aPhiladelphia, _bEldridge & brother, _c1898. |
|
| 300 |
_aviii, [9]-215 p. _billus. _c18 cm. |
||
| 500 | _a"Questions for examination": p. 205-215. | ||
| 650 | 0 | _aPhysics. | |
| 999 |
_c13118 _d13118 |
||